IFM Opac

COLLECTIVE MERCHANDISING OF AUTOMABILI INSURANCE (Record no. 13247)

MARC details
000 -LEADER
fixed length control field 00420nam a22001457a 4500
020 ## - INTERNATIONAL STANDARD BOOK NUMBER
International Standard Book Number 0 88406 061 6
082 ## - DEWEY DECIMAL CLASSIFICATION NUMBER
Classification number OS 368.2 WEB
100 ## - MAIN ENTRY--PERSONAL NAME
Personal name WEBB, BERNARD L.
245 ## - TITLE STATEMENT
Title COLLECTIVE MERCHANDISING OF AUTOMABILI INSURANCE
250 ## - EDITION STATEMENT
Edition statement ATLANTA,
260 ## - PUBLICATION, DISTRIBUTION, ETC.
Name of publisher, distributor, etc. GEORGIA STATE UNIVERSITY
Date of publication, distribution, etc. 1969
300 ## - PHYSICAL DESCRIPTION
Extent VI,49P.
650 ## - SUBJECT ADDED ENTRY--TOPICAL TERM
Topical term or geographic name entry element COLLECTIVE MERCHANDISING 0F AUTOMOBILE INSURANCE THE EMPLOYERS VIEW
942 ## - ADDED ENTRY ELEMENTS (KOHA)
Koha item type Books
Holdings
Withdrawn status Lost status Source of classification or shelving scheme Damaged status Not for loan Home library Current library Shelving location Date acquired Full call number Barcode Date last seen Price effective from Koha item type
    Dewey Decimal Classification     IFM Main Campus Library IFM Main Campus Library   10/29/2015 OS 368.2 WEB 0000011247 10/29/2015 10/29/2015 Books